[Event "DVM U20 2015"]
[Site "Osnabrück GER"]
[Date "2015.12.29"]
[Round "5"]
[White "Stemmler, Fabian"]
[Black "Austrup, David"]
[Result "1/2-1/2"]
[Termination "normal"]
[Board "4.4"]
[WhiteElo "1952"]
[BlackElo "1957"]
[WhiteTeam "SF Brackel 1930"]
[BlackTeam "SK Münster 32"]
[PlyCount "52"]
[WhiteFideId "12964808"]
[BlackFideId "12996890"]
[EventCountry "GER"]
[EventRounds "7"]
[EventType "team-swiss"]
[EventDate "2015.12.26"]

1. Nf3 Nf6 2. b3 g6 3. Bb2 Bg7 4. g3 O-O 5. Bg2 d6 6. d4 Na6 7. c4 c5 8. d5 Bf5
9. Nh4 Bxb1 10. Rxb1 Qa5+ 11. Qd2 Qxa2 12. O-O Ne8 13. e4 Nb4 14. Bc3 Qxd2 15.
Bxd2 a5 16. f4 Bd4+ 17. Kh1 Nd3 18. h3 Nc7 19. Nf3 Bg7 20. Rbd1 Nb4 21. e5 b5
22. Ra1 bxc4 23. bxc4 Ra6 24. Rfb1 Rb8 25. Ra4 Rba8 26. Bf1 h6 1/2-1/2

[Event "DVM U20 2015"]
[Site "Osnabrück GER"]
[Date "2015.12.29"]
[Round "5"]
[White "Haberkamp, Carl"]
[Black "Schwiddessen, Jan"]
[Result "1-0"]
[Termination "normal"]
[Board "4.5"]
[WhiteElo "1932"]
[BlackElo "1859"]
[WhiteTeam "SK Münster 32"]
[BlackTeam "SF Brackel 1930"]
[PlyCount "97"]
[WhiteFideId "12959766"]
[BlackFideId "1270631"]
[EventCountry "GER"]
[EventRounds "7"]
[EventType "team-swiss"]
[EventDate "2015.12.26"]

1. d4 Nf6 2. c4 g6 3. Nc3 Bg7 4. e4 d6 5. Nf3 O-O 6. Be2 e5 7. O-O Nc6 8. d5
Ne7 9. b4 Nd7 10. Ba3 f5 11. c5 Nf6 12. cxd6 cxd6 13. Nd2 f4 14. Nc4 g5 15. b5
Ne8 16. Bh5 Ng6 17. Rc1 Rf6 18. Rc2 Bf8 19. Bg4 Ng7 20. Bb4 Rf7 21. h3 Nh4 22.
f3 h5 23. Bxc8 Rxc8 24. Qe2 Ne8 25. Nb1 Nf6 26. Qf2 Rfc7 27. Rfc1 b6 28. a4 Qd7
29. Nba3 Ng6 30. a5 bxa5 31. Nxa5 g4 32. Rxc7 Rxc7 33. Rxc7 Qxc7 34. Nc6 gxh3
35. Qxa7 Qc8 36. Qb8 Qd7 37. Qa7 Qc8 38. Qf2 hxg2 39. Qxg2 Kh7 40. Ba5 Nh4 41.
Qh1 Ng6 42. Bd8 Qa8 43. Bxf6 Qxa3 44. Qxh5+ Bh6 45. Bg5 Qe3+ 46. Kg2 Qe2+ 47.
Kh3 Qf1+ 48. Kg4 Qg2+ 49. Kf5 1-0

[Event "DVM U20 2015"]
[Site "Osnabrück GER"]
[Date "2015.12.29"]
[Round "5"]
[White "Rieß, Alexander"]
[Black "Keller, Peter"]
[Result "1-0"]
[Termination "normal"]
[Board "5.1"]
[BlackTitle "FM"]
[WhiteElo "2256"]
[BlackElo "2292"]
[WhiteTeam "Lübecker SV von 1873"]
[BlackTeam "Frankfurter TV 1860"]
[PlyCount "67"]
[WhiteFideId "12953326"]
[BlackFideId "1272105"]
[EventCountry "GER"]
[EventRounds "7"]
[EventType "team-swiss"]
[EventDate "2015.12.26"]

1. d4 d5 2. c4 c6 3. Nf3 Nf6 4. Nc3 dxc4 5. a4 Bf5 6. Ne5 Nbd7 7. Nxc4 Nb6 8.
Ne5 a5 9. g3 e6 10. Bg2 Bb4 11. O-O h6 12. e3 O-O 13. Qe2 Bh7 14. Rd1 Qe7 15.
e4 Nfd7 16. Nd3 e5 17. d5 Nc5 18. Be3 Nbd7 19. Nxc5 Nxc5 20. Qc4 Rfd8 21. Na2
cxd5 22. Rxd5 Rxd5 23. Nxb4 Rd4 24. Bxd4 exd4 25. Nd5 Qf8 26. Rc1 Nxe4 27. Qxd4
Ng5 28. h4 Ne6 29. Qb6 Qd8 30. Qxb7 Rb8 31. Qa7 Kf8 32. Nc7 Nd4 33. Rd1 Rc8 34.
Qc5+ 1-0

[Event "DVM U20 2015"]
[Site "Osnabrück GER"]
[Date "2015.12.29"]
[Round "5"]
[White "Diyap, Murat"]
[Black "Kololli, Martin"]
[Result "0-1"]
[Termination "normal"]
[Board "5.2"]
[WhiteElo "2061"]
[BlackElo "2128"]
[WhiteTeam "Frankfurter TV 1860"]
[BlackTeam "Lübecker SV von 1873"]
[PlyCount "82"]
[WhiteFideId "1272104"]
[BlackFideId "12936910"]
[EventCountry "GER"]
[EventRounds "7"]
[EventType "team-swiss"]
[EventDate "2015.12.26"]

1. e4 e5 2. Nf3 Nc6 3. Bb5 a6 4. Bxc6 dxc6 5. O-O Qf6 6. d4 exd4 7. Qxd4 Qxd4
8. Nxd4 Bd7 9. Nc3 O-O-O 10. Be3 Bb4 11. f3 Ne7 12. Rad1 Bxc3 13. bxc3 c5 14.
Nb3 b6 15. Kf2 Ba4 16. Rc1 Rd7 17. Rfe1 Rhd8 18. g4 Bb5 19. Kg3 a5 20. Rb1 Bc4
21. a3 a4 22. Nc1 Nc6 23. Ne2 Na7 24. h4 Nb5 25. Ra1 Bxe2 26. Rxe2 Rd1 27. Re1
Rxe1 28. Rxe1 Nxa3 29. Rc1 Kb7 30. f4 Kc6 31. f5 Nb5 32. Kf3 Nxc3 33. Ra1 b5
34. Bc1 f6 35. g5 Re8 36. gxf6 gxf6 37. Bb2 Nxe4 38. Kf4 Nd6 39. Bxf6 Re4+ 40.
Kg5 Nf7+ 41. Kh5 Rf4 0-1

[Event "DVM U20 2015"]
[Site "Osnabrück GER"]
[Date "2015.12.29"]
[Round "5"]
[White "Kololli, Kevin"]
[Black "Medvedovski, Michael"]
[Result "1/2-1/2"]
[Termination "normal"]
[Board "5.3"]
[WhiteElo "2231"]
[BlackElo "1966"]
[WhiteTeam "Lübecker SV von 1873"]
[BlackTeam "Frankfurter TV 1860"]
[PlyCount "85"]
[WhiteFideId "12936863"]
[BlackFideId "24600830"]
[EventCountry "GER"]
[EventRounds "7"]
[EventType "team-swiss"]
[EventDate "2015.12.26"]

1. e4 c5 2. Nc3 Nc6 3. g3 g6 4. Bg2 Bg7 5. Nf3 e5 6. d3 Nge7 7. O-O O-O 8. Be3
d6 9. Qd2 Nd4 10. Bh6 Bg4 11. Bxg7 Kxg7 12. Nxd4 cxd4 13. Ne2 Rc8 14. f3 Be6
15. f4 h6 16. c4 dxc3 17. bxc3 Qa5 18. Qb2 b6 19. c4 Bg4 20. Nc3 Qc5+ 21. Qf2
Bd7 22. Nd5 Nxd5 23. cxd5 f6 24. Rad1 Qxf2+ 25. Rxf2 Rc3 26. d4 exd4 27. Rxd4
Rfc8 28. Rfd2 Kf7 29. Kf2 Ra3 30. Bf1 Rcc3 31. Rc4 Ke7 32. Rxc3 Rxc3 33. Bd3 g5
34. Ke2 Ba4 35. Rb2 Rc1 36. Ke3 Re1+ 37. Kd4 Rc1 38. e5 fxe5+ 39. fxe5 dxe5+
40. Kxe5 Re1+ 41. Be4 Be8 42. Kd4 Rd1+ 43. Ke5 1/2-1/2

[Event "DVM U20 2015"]
[Site "Osnabrück GER"]
[Date "2015.12.29"]
[Round "5"]
[White "Saida, Hazim"]
[Black "Tiedemann, Fin Niklas"]
[Result "0-1"]
[Termination "normal"]
[Board "5.4"]
[WhiteElo "1817"]
[BlackElo "1799"]
[WhiteTeam "Frankfurter TV 1860"]
[BlackTeam "Lübecker SV von 1873"]
[PlyCount "78"]
[WhiteFideId "12993689"]
[BlackFideId "12936936"]
[EventCountry "GER"]
[EventRounds "7"]
[EventType "team-swiss"]
[EventDate "2015.12.26"]

1. e4 e5 2. Nf3 Nc6 3. Bb5 a6 4. Ba4 Nf6 5. O-O Be7 6. Re1 b5 7. Bb3 O-O 8. c3
d6 9. h3 Nb8 10. d4 Nbd7 11. Nbd2 Bb7 12. Bc2 Re8 13. b3 Bf8 14. Nf1 exd4 15.
Nxd4 Bxe4 16. Bxe4 Rxe4 17. Be3 c5 18. Nf5 Re5 19. N1g3 Nd5 20. Qg4 Kh8 21. Bg5
f6 22. Bd2 Qe8 23. f4 Rxe1+ 24. Rxe1 Qf7 25. Ne4 Re8 26. Kh2 Qg6 27. c4 Qxg4
28. hxg4 bxc4 29. bxc4 g6 30. Nfxd6 Bxd6 31. cxd5 Bc7 32. Bc3 Bxf4+ 33. g3 Be5
34. Nxf6 Nxf6 35. Bxe5 Rxe5 36. Rd1 Rxd5 37. Rb1 Nxg4+ 38. Kh3 Ne3 39. Rb3 Rh5#
0-1

[Event "DVM U20 2015"]
[Site "Osnabrück GER"]
[Date "2015.12.29"]
[Round "5"]
[White "Dörp, Max Marian"]
[Black "Pham, Phuong-Bao"]
[Result "0-1"]
[Termination "normal"]
[Board "5.5"]
[WhiteElo "1719"]
[BlackElo "1829"]
[WhiteTeam "Lübecker SV von 1873"]
[BlackTeam "Frankfurter TV 1860"]
[PlyCount "110"]
[WhiteFideId "12983551"]
[BlackFideId "12939196"]
[EventCountry "GER"]
[EventRounds "7"]
[EventType "team-swiss"]
[EventDate "2015.12.26"]

1. c4 Nf6 2. g3 c6 3. Bg2 d5 4. cxd5 cxd5 5. Nf3 Nc6 6. O-O Bf5 7. d3 e6 8. Bg5
Be7 9. Nbd2 O-O 10. Rc1 Qb6 11. Qb3 Qxb3 12. Nxb3 Rac8 13. a3 h6 14. Be3 Ng4
15. Bc5 Rfe8 16. h3 Nf6 17. Rc3 e5 18. Rfc1 e4 19. Nh4 Bh7 20. Bxe7 Rxe7 21.
dxe4 Nxe4 22. Bxe4 Rxe4 23. e3 Ree8 24. Na5 Rb8 25. Nxc6 bxc6 26. b4 Be4 27. f3
Bh7 28. Rxc6 Rxe3 29. Rc8+ Re8 30. Rxb8 Rxb8 31. Rd1 Rd8 32. Rd4 Kf8 33. Ng2
Bc2 34. Ne3 Bb3 35. Rd3 Ba2 36. Rd2 Bb3 37. Rd3 Ba2 38. Rd2 Bb3 39. Rd3 Ba4 40.
Rxd5 Rxd5 41. Nxd5 Bc6 42. Nc3 Bxf3 43. Nb5 a6 44. Nc7 Bb7 45. b5 a5 46. Na6
Ke7 47. Nc5 Bd5 48. b6 Kd6 49. b7 Kc7 50. Kf2 Bxb7 51. Nxb7 Kxb7 52. Ke3 Kc6
53. Kd4 Kb5 54. a4+ Kb4 55. h4 g6 0-1

[Event "DVM U20 2015"]
[Site "Osnabrück GER"]
[Date "2015.12.29"]
[Round "5"]
[White "Ott, Florian"]
[Black "Bergauz, Noam"]
[Result "0-1"]
[Termination "normal"]
[Board "6.1"]
[WhiteElo "2292"]
[BlackElo "2286"]
[WhiteTeam "SC Forchheim"]
[BlackTeam "SK München Südost"]
[PlyCount "56"]
[WhiteFideId "12900281"]
[BlackFideId "12938033"]
[EventCountry "GER"]
[EventRounds "7"]
[EventType "team-swiss"]
[EventDate "2015.12.26"]

1. d4 Nf6 2. c4 g6 3. Nc3 Bg7 4. e4 d6 5. Nf3 O-O 6. Be2 Bg4 7. Be3 Nfd7 8. h4
c5 9. d5 Nf6 10. Nd2 Bxe2 11. Qxe2 Nbd7 12. f3 Ne5 13. Bg5 e6 14. g4 h6 15. Bf4
exd5 16. cxd5 Nfd7 17. h5 g5 18. Be3 a6 19. O-O b5 20. a4 bxa4 21. Rxa4 Qb6 22.
Rb1 Rfb8 23. Kg2 Qb7 24. Ra3 Qc8 25. Nd1 Rb4 26. Nf2 Qb7 27. b3 c4 28. Bd4 Nd3
0-1

[Event "DVM U20 2015"]
[Site "Osnabrück GER"]
[Date "2015.12.29"]
[Round "5"]
[White "Müller, Constantin"]
[Black "Wichmann, Adrian"]
[Result "1-0"]
[Termination "normal"]
[Board "6.2"]
[WhiteElo "2222"]
[BlackElo "2014"]
[WhiteTeam "SK München Südost"]
[BlackTeam "SC Forchheim"]
[PlyCount "57"]
[WhiteFideId "24697630"]
[BlackFideId "12904708"]
[EventCountry "GER"]
[EventRounds "7"]
[EventType "team-swiss"]
[EventDate "2015.12.26"]

1. d4 Nf6 2. c4 g6 3. Nc3 d5 4. cxd5 Nxd5 5. e4 Nxc3 6. bxc3 Bg7 7. Nf3 c5 8.
Be3 Qa5 9. Nd2 cxd4 10. Nc4 Qc7 11. cxd4 O-O 12. Rb1 Rd8 13. d5 Nd7 14. Be2 Ne5
15. Nd2 b6 16. O-O f5 17. Rc1 Qb7 18. f4 Nf7 19. e5 Qxd5 20. Bc4 Qa5 21. Qb3 e6
22. Nf3 Re8 23. Nd4 b5 24. Qxb5 Qxb5 25. Nxb5 Ba6 26. Nc7 Bxc4 27. Rxc4 Rac8
28. Rfc1 Re7 29. Nd5 1-0

[Event "DVM U20 2015"]
[Site "Osnabrück GER"]
[Date "2015.12.29"]
[Round "5"]
[White "Stephan, Michael"]
[Black "Leeb, Simon"]
[Result "1-0"]
[Termination "normal"]
[Board "6.3"]
[WhiteElo "1911"]
[BlackElo "2077"]
[WhiteTeam "SC Forchheim"]
[BlackTeam "SK München Südost"]
[PlyCount "42"]
[WhiteFideId "24656852"]
[BlackFideId "12924768"]
[EventCountry "GER"]
[EventRounds "7"]
[EventType "team-swiss"]
[EventDate "2015.12.26"]

1. e4 c5 2. d4 cxd4 3. c3 dxc3 4. Nxc3 Nc6 5. Nf3 a6 6. Bc4 e6 7. O-O Qc7 8.
Nd5 exd5 9. exd5 Nd8 10. Re1+ Ne6 11. Qd4 Ne7 12. dxe6 dxe6 13. Bf4 Qd8 14. Qe4
Bd7 15. Rad1 Qc8 16. Rxd7 Qxd7 17. Ne5 f5 18. Qe2 Qd4 19. Bxe6 Qxf4 20. Qd3 Nd5
21. Qxd5 Rd8 1-0

[Event "DVM U20 2015"]
[Site "Osnabrück GER"]
[Date "2015.12.29"]
[Round "5"]
[White "Stadler, Andreas"]
[Black "Wagner, Robert"]
[Result "1-0"]
[Termination "normal"]
[Board "6.4"]
[WhiteElo "1974"]
[BlackElo "1934"]
[WhiteTeam "SK München Südost"]
[BlackTeam "SC Forchheim"]
[PlyCount "75"]
[WhiteFideId "24697648"]
[BlackFideId "24656879"]
[EventCountry "GER"]
[EventRounds "7"]
[EventType "team-swiss"]
[EventDate "2015.12.26"]

1. e4 c5 2. c4 Nc6 3. Nc3 g6 4. g3 Bg7 5. Bg2 d6 6. Nge2 e5 7. O-O Nge7 8. d3
O-O 9. h3 f5 10. f4 Be6 11. Nd5 Qd7 12. Kh2 Rab8 13. a4 Nd4 14. Nec3 Nec6 15.
Rb1 Kh8 16. Be3 Rbe8 17. b3 exf4 18. Bxf4 Ne5 19. Nb5 Nxb5 20. axb5 Bxd5 21.
exd5 h6 22. Qd2 g5 23. Be3 Ng6 24. Kh1 Be5 25. d4 Bxg3 26. dxc5 dxc5 27. Bxc5
Rf7 28. Qc3+ Be5 29. Bd4 Kh7 30. Bxe5 Rxe5 31. Rbe1 Rxe1 32. Rxe1 f4 33. Be4 f3
34. Bxg6+ Kxg6 35. Re6+ Kh5 36. Qc2 Rg7 37. Qf5 Qc6 38. Qg4# 1-0

[Event "DVM U20 2015"]
[Site "Osnabrück GER"]
[Date "2015.12.29"]
[Round "5"]
[White "Braun, Kristin"]
[Black "Leeb, Jonas"]
[Result "0-1"]
[Termination "normal"]
[Board "6.5"]
[WhiteElo "1789"]
[BlackElo "1905"]
[WhiteTeam "SC Forchheim"]
[BlackTeam "SK München Südost"]
[PlyCount "72"]
[WhiteFideId "24656534"]
[BlackFideId "12924750"]
[EventCountry "GER"]
[EventRounds "7"]
[EventType "team-swiss"]
[EventDate "2015.12.26"]

1. d4 d5 2. Nf3 Nf6 3. e3 e6 4. Bd3 Be7 5. O-O O-O 6. b3 c6 7. Bb2 Nbd7 8. Nbd2
b6 9. Ne5 Bb7 10. f4 Rc8 11. c4 c5 12. Qc2 h6 13. f5 cxd4 14. exd4 Nxe5 15.
dxe5 Bc5+ 16. Kh1 Ng4 17. Rf4 Ne3 18. Qb1 Qg5 19. g3 Ng4 20. h4 Qh5 21. Be2
dxc4+ 22. Ne4 exf5 23. Bxg4 fxg4 24. Qd1 Be3 25. Rxg4 Qf5 26. Kh2 Bxe4 27. Qe2
Qf3 28. Qxf3 Bxf3 29. Rxc4 Rxc4 30. bxc4 Rd8 31. Ba3 Rd2+ 32. Kh3 h5 33. g4
Bxg4+ 34. Kg3 Bf2+ 35. Kf4 Rd4+ 36. Kg5 Be3# 0-1

[Event "DVM U20 2015"]
[Site "Osnabrück GER"]
[Date "2015.12.29"]
[Round "5"]
[White "Komarov, Jan"]
[Black "Herter, Leonhard"]
[Result "1-0"]
[Termination "normal"]
[Board "6.6"]
[WhiteElo "1841"]
[BlackElo "1260"]
[WhiteTeam "SK München Südost"]
[BlackTeam "SC Forchheim"]
[PlyCount "24"]
[WhiteFideId "12959430"]
[BlackFideId "24697745"]
[EventCountry "GER"]
[EventRounds "7"]
[EventType "team-swiss"]
[EventDate "2015.12.26"]

1. e4 e6 2. d4 d5 3. Nc3 h6 4. Nf3 Nf6 5. Bd3 Bb4 6. exd5 Nxd5 7. Bd2 Nxc3 8.
bxc3 Bd6 9. O-O O-O 10. Qe2 Nc6 11. Rab1 b6 12. Qe4 Bd7 1-0

[Event "DVM U20 2015"]
[Site "Osnabrück GER"]
[Date "2015.12.29"]
[Round "5"]
[White "Urban, Lars"]
[Black "Martin, Julian"]
[Result "1-0"]
[Termination "normal"]
[Board "7.1"]
[WhiteElo "2178"]
[BlackElo "2171"]
[WhiteTeam "SV Empor Erfurt"]
[BlackTeam "OSG Baden-Baden"]
[PlyCount "101"]
[WhiteFideId "4644034"]
[BlackFideId "12941000"]
[EventCountry "GER"]
[EventRounds "7"]
[EventType "team-swiss"]
[EventDate "2015.12.26"]

1. d4 Nf6 2. c4 b6 3. Nc3 Bb7 4. Nf3 e6 5. Bg5 Be7 6. e3 O-O 7. Bd3 c5 8. O-O
cxd4 9. exd4 d5 10. Bxf6 Bxf6 11. cxd5 exd5 12. Ne5 Nc6 13. f4 a6 14. Rf3 Qd6
15. Bxh7+ Kxh7 16. Rh3+ Kg8 17. Qh5 Bh4 18. Qxh4 Qh6 19. Qxh6 gxh6 20. Nxc6
Bxc6 21. Rxh6 Rac8 22. Re1 Rfd8 23. Re3 Kg7 24. Rh5 b5 25. Rg5+ Kf6 26. a3 a5
27. Ne2 Re8 28. Rxe8 Rxe8 29. Re5 Rc8 30. Re3 b4 31. axb4 axb4 32. Rd3 Bb5 33.
Rd2 Re8 34. Ng3 Rc8 35. Kf2 Rc1 36. Ne2 Rc8 37. h3 Kf5 38. Kf3 Kf6 39. h4 Re8
40. g4 Re4 41. Ng3 Re1 42. h5 b3 43. g5+ Kg7 44. f5 Rc1 45. h6+ Kh7 46. Nh5 Rh1
47. Nf6+ Kh8 48. Kg2 Rh4 49. Kg3 Rh1 50. Nxd5 Bc6 51. Ne3 1-0

[Event "DVM U20 2015"]
[Site "Osnabrück GER"]
[Date "2015.12.29"]
[Round "5"]
[White "Becker, Dirk"]
[Black "Nicolai, Tim"]
[Result "1-0"]
[Termination "normal"]
[Board "7.2"]
[WhiteElo "2212"]
[BlackElo "1771"]
[WhiteTeam "OSG Baden-Baden"]
[BlackTeam "SV Empor Erfurt"]
[PlyCount "47"]
[WhiteFideId "12938564"]
[BlackFideId "12964930"]
[EventCountry "GER"]
[EventRounds "7"]
[EventType "team-swiss"]
[EventDate "2015.12.26"]

1. e4 e5 2. Nf3 Nc6 3. Bc4 Nf6 4. Ng5 d5 5. exd5 b5 6. Bf1 h6 7. Nxf7 Kxf7 8.
dxc6 Bc5 9. Be2 Rf8 10. d3 Kg8 11. O-O Nd5 12. Bf3 b4 13. Nd2 Nf4 14. Ne4 Be7
15. Be3 g5 16. g3 Ne6 17. c3 Ba6 18. Bg4 Ng7 19. Qb3+ Kh8 20. Rad1 h5 21. Bd7
Nf5 22. Qe6 Kg7 23. Qxe5+ Kg6 24. cxb4 1-0

[Event "DVM U20 2015"]
[Site "Osnabrück GER"]
[Date "2015.12.29"]
[Round "5"]
[White "Heinke, Jasper"]
[Black "Martin, Richard"]
[Result "1/2-1/2"]
[Termination "normal"]
[Board "7.3"]
[WhiteElo "1932"]
[BlackElo "2005"]
[WhiteTeam "SV Empor Erfurt"]
[BlackTeam "OSG Baden-Baden"]
[PlyCount "60"]
[WhiteFideId "12976466"]
[BlackFideId "12925691"]
[EventCountry "GER"]
[EventRounds "7"]
[EventType "team-swiss"]
[EventDate "2015.12.26"]

1. d4 Nf6 2. c4 g6 3. Nc3 Bg7 4. e4 d6 5. Be2 O-O 6. Nf3 e5 7. O-O Nc6 8. d5
Ne7 9. Ne1 Nd7 10. Be3 f5 11. f3 f4 12. Bf2 g5 13. Rc1 Ng6 14. c5 Nxc5 15. b4
Na6 16. Nb5 Rf7 17. Qa4 h5 18. Nxa7 Bd7 19. Bb5 Qe8 20. Bxd7 Qxd7 21. Qxd7 Rxd7
22. Nd3 g4 23. Nb5 Ne7 24. Nc3 c6 25. b5 Nb8 26. Nb4 c5 27. Nd3 b6 28. Nb2 Nc8
29. Nc4 Bf6 30. a4 Bd8 1/2-1/2

[Event "DVM U20 2015"]
[Site "Osnabrück GER"]
[Date "2015.12.29"]
[Round "5"]
[White "Steimbach, Isabel"]
[Black "Streichardt, Niklas"]
[Result "0-1"]
[Termination "normal"]
[Board "7.4"]
[WhiteElo "1974"]
[BlackElo "1870"]
[WhiteTeam "OSG Baden-Baden"]
[BlackTeam "SV Empor Erfurt"]
[PlyCount "88"]
[WhiteFideId "24692174"]
[BlackFideId "12962643"]
[EventCountry "GER"]
[EventRounds "7"]
[EventType "team-swiss"]
[EventDate "2015.12.26"]

1. e4 e5 2. Nf3 Nc6 3. Bb5 a6 4. Bxc6 dxc6 5. O-O Bd6 6. d4 f6 7. dxe5 fxe5 8.
Nxe5 Qf6 9. Nf3 Bg4 10. Nbd2 O-O-O 11. Qe1 Qg6 12. Qe3 Nf6 13. g3 Qh5 14. Nh4
Bc5 15. Qb3 g5 16. Nf5 Rxd2 17. Bxd2 Bxf5 18. exf5 Ng4 19. h4 gxh4 20. Bf4 hxg3
21. Bxg3 Bd6 22. Qe6+ Kb8 23. Bxd6 cxd6 24. Qxd6+ Ka8 25. f3 Ne3 26. Qd4 Rg8+
27. Kf2 Nxf1 28. Rxf1 Qh2+ 29. Ke3 Re8+ 30. Qe4 Rxe4+ 31. fxe4 Qh6+ 32. Rf4 Qf6
33. c3 h5 34. Kf3 Kb8 35. Kg3 Kc7 36. Kf3 Kd6 37. e5+ Kxe5 38. Re4+ Kd5 39. c4+
Kc5 40. Kf4 h4 41. Re6 Qd4+ 42. Kg5 h3 43. f6 h2 44. f7 Qg7+ 0-1

[Event "DVM U20 2015"]
[Site "Osnabrück GER"]
[Date "2015.12.29"]
[Round "5"]
[White "Toptschiev, David"]
[Black "Sommer, Jan"]
[Result "1-0"]
[Termination "normal"]
[Board "7.6"]
[WhiteElo "1869"]
[BlackElo "1718"]
[WhiteTeam "OSG Baden-Baden"]
[BlackTeam "SV Empor Erfurt"]
[PlyCount "51"]
[WhiteFideId "12968005"]
[BlackFideId "24690090"]
[EventCountry "GER"]
[EventRounds "7"]
[EventType "team-swiss"]
[EventDate "2015.12.26"]

1. e4 e5 2. Nf3 Nc6 3. Nc3 Nf6 4. Bb5 d6 5. h3 a6 6. Bc4 Be6 7. Bb3 Be7 8. O-O
O-O 9. d3 h6 10. Nh2 Bxb3 11. axb3 d5 12. exd5 Nxd5 13. Qg4 f5 14. Qg3 Rf6 15.
Kh1 Nxc3 16. bxc3 Bd6 17. f4 Qe7 18. Bd2 e4 19. Rae1 Re6 20. Re2 exd3 21. Rxe6
Qxe6 22. Qxd3 Re8 23. Re1 Qxe1+ 24. Bxe1 Rxe1+ 25. Nf1 Bxf4 26. Qc4+ 1-0

[Event "DVM U20 2015"]
[Site "Osnabrück GER"]
[Date "2015.12.29"]
[Round "5"]
[White "Noe, Christopher"]
[Black "Kieslich, Aaron"]
[Result "1-0"]
[Termination "normal"]
[Board "8.1"]
[WhiteTitle "FM"]
[WhiteElo "2414"]
[BlackElo "2007"]
[WhiteTeam "SC Eppingen"]
[BlackTeam "TuS Coswig 1920"]
[PlyCount "59"]
[WhiteFideId "24692018"]
[BlackFideId "1270391"]
[EventCountry "GER"]
[EventRounds "7"]
[EventType "team-swiss"]
[EventDate "2015.12.26"]

1. c4 c5 2. Nf3 Nf6 3. Nc3 e6 4. d4 cxd4 5. Nxd4 a6 6. e4 d6 7. Be2 Qc7 8. Be3
Nbd7 9. O-O b6 10. f3 Bb7 11. a4 Be7 12. a5 O-O 13. Nb3 Rac8 14. axb6 Nxb6 15.
Na5 Ba8 16. Qd2 Nfd7 17. Rfc1 Qb8 18. b4 Ne5 19. Nd1 Rfd8 20. Qe1 d5 21. c5 d4
22. Bd2 d3 23. Bf1 Nbd7 24. Nf2 Nf6 25. Ra3 Rd7 26. Nxd3 Rcd8 27. Nxe5 Qxe5 28.
Be3 Qb2 29. Rb3 Qe5 30. Bxa6 1-0

[Event "DVM U20 2015"]
[Site "Osnabrück GER"]
[Date "2015.12.29"]
[Round "5"]
[White "Linnemann, Niklas"]
[Black "Bay, Nicolai"]
[Result "1/2-1/2"]
[Termination "normal"]
[Board "8.2"]
[WhiteElo "2029"]
[BlackElo "2000"]
[WhiteTeam "TuS Coswig 1920"]
[BlackTeam "SC Eppingen"]
[PlyCount "89"]
[WhiteFideId "24695645"]
[BlackFideId "12927619"]
[EventCountry "GER"]
[EventRounds "7"]
[EventType "team-swiss"]
[EventDate "2015.12.26"]

1. e4 c5 2. Nf3 e6 3. d4 cxd4 4. Nxd4 Nc6 5. Nc3 Nf6 6. Ndb5 Bc5 7. Nd6+ Ke7 8.
Nxc8+ Rxc8 9. Bd3 a6 10. O-O h6 11. Qe2 d6 12. Be3 Bxe3 13. Qxe3 Qc7 14. f4 Nb4
15. Kh1 Qc5 16. Qe2 Nxd3 17. cxd3 d5 18. exd5 Nxd5 19. f5 Nxc3 20. bxc3 Qxc3
21. fxe6 fxe6 22. Qf3 Rc7 23. Qf4 g5 24. Qf7+ Kd6 25. Qf2 Re8 26. Rae1 Qg7 27.
Re4 Rc6 28. d4 Kd7 29. Rfe1 Rf8 30. Qe2 Qf6 31. Kg1 Kc7 32. h3 Rd8 33. Qe3 Rd7
34. Rf1 Qg7 35. Re5 Rd5 36. Qe4 Rxe5 37. dxe5 Qe7 38. Rf6 Qc5+ 39. Kh2 Qd5 40.
Rf7+ Kb6 41. Qb4+ Qb5 42. Qd4+ Qc5 43. Qd8+ Ka7 44. Qf6 Qd5 45. Qf2+ 1/2-1/2

[Event "DVM U20 2015"]
[Site "Osnabrück GER"]
[Date "2015.12.29"]
[Round "5"]
[White "Mütsch, Annmarie"]
[Black "Hofmann, Rares"]
[Result "1/2-1/2"]
[Termination "normal"]
[Board "8.3"]
[WhiteElo "1880"]
[BlackElo "2030"]
[WhiteTeam "SC Eppingen"]
[BlackTeam "TuS Coswig 1920"]
[PlyCount "71"]
[WhiteFideId "12971367"]
[BlackFideId "12976440"]
[EventCountry "GER"]
[EventRounds "7"]
[EventType "team-swiss"]
[EventDate "2015.12.26"]

1. e4 c5 2. Nf3 Nc6 3. d4 cxd4 4. Nxd4 e5 5. Nb5 d6 6. N1c3 a6 7. Na3 b5 8. Nd5
Nge7 9. c4 Nxd5 10. exd5 Nd4 11. cxb5 Be7 12. Bd3 O-O 13. O-O f5 14. bxa6 f4
15. Nc2 Nf5 16. Nb4 Nh4 17. Nc6 Qc7 18. Nxe7+ Qxe7 19. g3 fxg3 20. fxg3 Qa7+
21. Kh1 Bh3 22. gxh4 Bxf1 23. Bxf1 Qf2 24. Bg2 Rxa6 25. Bd2 Qxh4 26. Be1 Qc4
27. Bc3 Rxa2 28. Rxa2 Qxa2 29. h3 Qc4 30. Qd2 Qh4 31. Qe3 Qc4 32. Qb6 Qf4 33.
Qxd6 Qc1+ 34. Kh2 Qf4+ 35. Kh1 Qc1+ 36. Kh2 1/2-1/2

[Event "DVM U20 2015"]
[Site "Osnabrück GER"]
[Date "2015.12.29"]
[Round "5"]
[White "Merker, Konstantin"]
[Black "Hahn, Cedric"]
[Result "0-1"]
[Termination "normal"]
[Board "8.4"]
[WhiteElo "1801"]
[BlackElo "1951"]
[WhiteTeam "TuS Coswig 1920"]
[BlackTeam "SC Eppingen"]
[PlyCount "36"]
[WhiteFideId "12964239"]
[BlackFideId "12910538"]
[EventCountry "GER"]
[EventRounds "7"]
[EventType "team-swiss"]
[EventDate "2015.12.26"]

1. d4 Nf6 2. c4 g6 3. Nc3 Bg7 4. e4 d6 5. Nf3 O-O 6. h3 e5 7. d5 Ne8 8. Bd3 f5
9. O-O f4 10. b4 g5 11. c5 h5 12. a4 g4 13. hxg4 hxg4 14. Nh2 Qh4 15. Be2 f3
16. gxf3 Kf7 17. Bg5 Qh3 18. Nxg4 Bxg4 0-1

[Event "DVM U20 2015"]
[Site "Osnabrück GER"]
[Date "2015.12.29"]
[Round "5"]
[White "Hermann, Tobias"]
[Black "von Koslowski, Utz"]
[Result "1/2-1/2"]
[Termination "normal"]
[Board "8.5"]
[WhiteElo "1959"]
[BlackElo "1954"]
[WhiteTeam "SC Eppingen"]
[BlackTeam "TuS Coswig 1920"]
[PlyCount "66"]
[WhiteFideId "12903701"]
[BlackFideId "12964247"]
[EventCountry "GER"]
[EventRounds "7"]
[EventType "team-swiss"]
[EventDate "2015.12.26"]

1. c4 e5 2. Nc3 Nf6 3. g3 d5 4. cxd5 Nxd5 5. Bg2 Nb6 6. Nf3 Nc6 7. d3 Be7 8.
O-O O-O 9. a3 Be6 10. b4 f6 11. Bb2 a6 12. Rc1 Qd7 13. Re1 Rab8 14. Na4 Rfd8
15. Nxb6 cxb6 16. Qd2 b5 17. Qe3 Bd5 18. Nd2 Bxg2 19. Kxg2 Rbc8 20. Nf3 a5 21.
bxa5 Nxa5 22. d4 Nc4 23. Qb3 exd4 24. Nxd4 Kh8 25. Red1 Nxb2 26. Qxb2 Rxc1 27.
Qxc1 Qd5+ 28. Kg1 Qc4 29. e3 h6 30. Qb2 Bc5 31. Rc1 Bxd4 32. exd4 Qa4 33. Rc5
Qxd4 1/2-1/2